Spell the Marvel Hero #130 - Statistics

General Stats
  • This quiz has been taken 14 times
  • The average score is 10 of 15
Answer Stats
Picture Answer % Correct
Iron Man
100%
Punisher
100%
Ant-Man
92%
Captain Britain
85%
Cable
77%
Captain America
77%
Mirage (Dani Moonstar)
77%
Namor the Sub-Mariner
77%
Echo
69%
Ironheart
69%
Red Wolf
54%
Abigail Brand
46%
American Dream
38%
Auntie Ante
38%
Taegukgi
38%
No matching quizzes found
Score Distribution
Percent of People with Each Score
Percentile by Number Answered
Your Score History
You have not taken this quiz